ბათუმის შოთა რუსთაველის სახელმწიფო უნივერსიტეტის ბიბლიოთეკა

Магистерская диссертация (ბიბ.ჩანაწერი № 37101)

000 -LEADER
fixed length control field 00813nam a2200253Ia 4500
001 - CONTROL NUMBER
control field 3057
003 - CONTROL NUMBER IDENTIFIER
control field GE_BSU
008 - FIXED-LENGTH DATA ELEMENTS--GENERAL INFORMATION
fixed length control field 181216s||||||||xx |||||||||||||| ||und||
020 ## - INTERNATIONAL STANDARD BOOK NUMBER
International Standard Book Number 5868941640
040 ## - CATALOGING SOURCE
Transcribing agency GE_BSU
080 ## - UNIVERSAL DECIMAL CLASSIFICATION NUMBER
Universal Decimal Classification number 378(043)(047)
100 ## - MAIN ENTRY--PERSONAL NAME
Personal name Кузин Ф.А.
245 ## - TITLE STATEMENT
Title Магистерская диссертация
245 ## - TITLE STATEMENT
Remainder of title методика написания, правила оформления и порядок защиты. практическое пособие для студентов
260 ## - PUBLICATION, DISTRIBUTION, ETC.
Place of publication, distribution, etc. Москва
260 ## - PUBLICATION, DISTRIBUTION, ETC.
Name of publisher, distributor, etc. Ось-89
260 ## - PUBLICATION, DISTRIBUTION, ETC.
Date of publication, distribution, etc. 1997
300 ## - PHYSICAL DESCRIPTION
Extent 340 с. 21см.
653 ## - INDEX TERM--UNCONTROLLED
Uncontrolled term методика написания
653 ## - INDEX TERM--UNCONTROLLED
Uncontrolled term порядок защиты
653 ## - INDEX TERM--UNCONTROLLED
Uncontrolled term правила оформления
942 ## - ADDED ENTRY ELEMENTS (KOHA)
Koha item type წიგნი
ეგზემპლარები
Withdrawn status Lost status Damaged status Not for loan Date acquired Barcode Date last seen Price effective from Koha item type Public note
        2018-12-17 8292 2018-12-17 2018-12-17 წიგნი დარბაზი